| 000 | 00884nam a2200277 4500 | ||
|---|---|---|---|
| 001 | 13162 | ||
| 003 | ES-MaACL | ||
| 005 | 20250811062531.0 | ||
| 007 | t| | ||
| 008 | 000000s19850000sp ||||0| spa d | ||
| 016 | 7 | _zIBH8505924259 | |
| 017 | _aM 15465-1985 | ||
| 020 | _a84-7483-410-4 | ||
| 040 |
_aIBH _bspa _cM-BN-DP |
||
| 080 | _a75:069(464.1M.)Prado | ||
| 080 | _a069(464.1M.)Prado:75 | ||
| 110 | 2 |
_aMuseo Nacional del Prado. _9160001 |
|
| 245 | 1 | 0 |
_aCatálogo de las pinturas / _cMuseo del Prado. |
| 260 |
_aMadrid : _b[Ministerio de Cultura], _c1985. |
||
| 300 |
_aXXX, 870 p. ; _c18 cm. |
||
| 610 | 2 |
_aMuseo Nacional del Prado- _vCatálogos. _9160004 |
|
| 710 | 1 |
_aEspaña. _bMinisterio de Cultura _93850 |
|
| 852 | 4 |
_aES-MaACL _jL-20549 _9R.123456 |
|
| 852 | 4 |
_aES-MaACL _jE-12941 _9R.139351 _z. - Biblioteca Jacinto Martínez Lacalle |
|
| 999 |
_c13162 _d13162 |
||